000 01889nam0a2200373 4500
001 RU\NLR\bibl\1214593
005 20260407093951.0
010 _a5-900944-72-7
_9300
021 _aRU
_b2008-13093
_9715
035 _a(NLR Aleph) 001200991
090 _a1774698
_c1774698
100 _a20080414d2007 |||y0rusy50 ca
101 0 _arus
102 _aRU
105 _aa |||||||||
200 1 _aБиологические основы периодизации индивидуального развития организма животных
_f[Н.И. Хайруллина, Н.Г. Фенченко]
_gРос. акад. с.-х. наук, Гос. науч. учреждение "Башк. НИИ сел. хоз-ва"
210 _aУфа
_cГНУ БНИИСХ
_d2007
215 _a254 с.
_cил.
_d20
300 _aАвт. указаны на обл.
320 _aБиблиогр.: с. 247-254 (117 назв.)
606 1 _aСельскохозяйственные животные
_xОнтогенез
_xПериодизация
_xБиологические основы
_92514954
_3RU\NLR\auth\661490654
606 1 _aСельскохозяйственные животные
_xРост и развитие
_xПериодизация
_xБиологические основы
_92514955
_3RU\NLR\auth\661490655
686 _aП524
700 1 _4070
_7ca
_8rus
_aХайруллина
_bН. И.
_cд-р биол. наук
_gНазира Исламовна
_9229255
_3RU\NLR\AUTH\770229311
701 1 _aФенченко
_bН. Г.
_gНиколай Григорьевич
_4070
712 0 2 _4570
_aБашкирский НИИ сельского хозяйства
_cУфа
_9331570
_3RU\NLR\AUTH\889917707
801 0 _aRU
_bNLR
_c20080414
_gRCR
801 1 _aRU
_bNLR
_c20080414
830 _aАвт. по кн.
942 _cBOOK
980 _aNB
980 _aNBR